000 00376nam a2200157Ia 4500
008 230312s9999||||xx |||||||||||||| ||und||
020 _a9788131215197
082 _a621.38043
_bTAN-D
100 _aTan, Li
245 0 _aDigital Signal Processing
260 _bAcademic Press Elsevier
_aIndia
_c2009
300 _a816
546 _aEng.
650 _aEngineering
942 _cBK
999 _c4321
_d4321